|
|
|
|
| LEADER |
00000nas a2200000 a 4500 |
| 001 |
ssj0006710 |
| 003 |
WaSeSS |
| 005 |
20200512172242.0 |
| 006 |
m d |
| 007 |
cr n |
| 008 |
980824c19519999oncmr pss 0 a0eng c |
| 010 |
|
|
|a cn 99790008
|
| 016 |
|
|
|a 997900083
|
| 022 |
|
|
|a 1480-3283
|l 0008-4301
|y 0008-4301
|
| 035 |
|
|
|a (WaSeSS)ssj0006710
|
| 037 |
|
|
|b Canadian Science Publishing, Subscription Office, PO Box 361, Birmingham AL 35201-0361
|
| 040 |
|
|
|a F#A
|b eng
|e pn
|c F#A
|d NLC
|d OCL
|d OCLCQ
|d IUL
|d OCLCQ
|d OCL
|d MUQ
|d OCLCS
|d OCLCQ
|d OCLCO
|d OCLCQ
|d OCLCF
|d OCLCQ
|d DLC
|d OCLCO
|d OCLCQ
|d WT2
|d OCLCQ
|d UUM
|d UMC
|d OCLCQ
|d TOF
|d WYU
|d AUD
|d VT2
|d AU@
|d OCLCQ
|d WaSeSS
|
| 041 |
0 |
|
|a eng
|b fre
|
| 042 |
|
|
|a nlc
|a pcc
|
| 050 |
1 |
4 |
|a QL1
|
| 060 |
0 |
0 |
|a W1
|b CA624
|
| 082 |
0 |
4 |
|a 590/.5
|2 21
|
| 130 |
0 |
|
|a Canadian journal of zoology (Online)
|
| 210 |
0 |
|
|a Can. j. zool.
|b (Online)
|
| 222 |
|
0 |
|a Canadian journal of zoology
|b (Online)
|
| 245 |
1 |
0 |
|a Canadian journal of zoology
|h [electronic resource] =
|b Revue canadienne de zoologie.
|
| 246 |
3 |
1 |
|a Revue canadienne de zoologie
|
| 246 |
1 |
|
|i Issues for 1973- have added French title:
|a Journal canadien de zoologie
|
| 260 |
|
|
|a Ottawa :
|b National Research Council,
|c [1951]-
|
| 260 |
3 |
|
|3 <2010->
|a Ottawa, ON :
|b Canadian Science Publishing
|
| 310 |
|
|
|a Monthly,
|b 1971-
|
| 321 |
|
|
|a Bimonthly,
|b 1951-1970
|
| 362 |
0 |
|
|a Vol. 29, no. 1 (Feb. 1951)-
|
| 506 |
|
|
|a License restrictions may limit access.
|
| 546 |
|
|
|a Articles in English; summaries in English and French.
|
| 550 |
|
|
|a Volumes for 2011- issued by NRC Research Press.
|
| 550 |
|
|
|a Afiliated with the Canadian Society of Zoologists.
|
| 588 |
0 |
|
|a Print version record.
|
| 588 |
1 |
|
|a Vol. 96, no. 8 (Aug. 2018) (publisher's Web site, viewed August 16, 2018).
|
| 650 |
|
0 |
|a Zoology
|v Periodicals.
|
| 650 |
|
6 |
|a Zoologie
|v Périodiques.
|
| 650 |
|
7 |
|a Zoology.
|2 fast
|0 (OCoLC)fst01184696
|
| 655 |
|
0 |
|a Electronic journals.
|
| 710 |
2 |
|
|a National Research Council of Canada.
|
| 710 |
2 |
|
|a National Research Council Canada.
|
| 710 |
2 |
|
|a NRC Research Press.
|
| 710 |
2 |
|
|a Canadian Society of Zoologists.
|
| 776 |
0 |
8 |
|i Print version:
|t Canadian journal of zoology
|x 0008-4301
|w (DLC) 53031088
|w (OCoLC)2248676
|
| 856 |
4 |
0 |
|z Full text available from Research Library: 03/01/1998 to 06/30/2007
|u https://search.proquest.com/publication/15719
|